| Tag |
First Indicator |
Second Indicator |
Subfields |
| LEADER |
00000cam a2200000 a 4500 |
| 001 |
in00000014962 |
| 005 |
20151007052930.0 |
| 008 |
860314s1986 nyua b 00110 eng |
| 010 |
|
|
|a 86007741
|
| 020 |
|
|
|a 0471818267 :
|c $19.95
|
| 035 |
|
|
|a (OCoLC)13361199
|
| 035 |
|
|
|9 AAA9768AM
|
| 040 |
|
|
|a DLC
|c DLC
|d m/c
|d TXA
|d UtOrBLW
|
| 049 |
|
|
|a TXAM
|c [A11057855]
|
| 050 |
0 |
0 |
|a HF5718
|b .S88 1986
|
| 082 |
0 |
|
|a 658.4/53
|2 19
|
| 100 |
1 |
|
|a Sweetnam, Sherry.
|
| 245 |
1 |
4 |
|a The executive memo :
|b a guide to persuasive business communications /
|c Sherry Sweetnam.
|
| 264 |
|
1 |
|a New York :
|b Wiley,
|c [1986]
|
| 264 |
|
4 |
|c ©1986
|
| 300 |
|
|
|a xvi, 248 pages :
|b illustrations ;
|c 25 cm.
|
| 336 |
|
|
|a text
|b txt
|2 rdacontent
|
| 337 |
|
|
|a unmediated
|b n
|2 rdamedia
|
| 338 |
|
|
|a volume
|b nc
|2 rdacarrier
|
| 504 |
|
|
|a Bibliography: page 239.
|
| 500 |
|
|
|a Includes index.
|
| 650 |
|
0 |
|a Communication in management.
|
| 650 |
|
0 |
|a Memorandums.
|
| 999 |
|
|
|a MARS
|
| 999 |
f |
f |
|s fc3b862e-a840-30d4-acff-e81ad6bd2452
|i 6dd64cf9-094d-39ba-92ff-b6fd269d5e06
|t 0
|
| 952 |
f |
f |
|p ric
|a Texas A&M University
|b Rellis Campus
|c Joint Library Facility
|d Remote Storage
|t 0
|e HF5718 .S88 1986
|h Library of Congress classification
|i unmediated -- volume
|m A14811057855
|
| 998 |
f |
f |
|a HF5718 .S88 1986
|t 0
|l Remote Storage
|